00398 a2200109 4500001001000000005001700010008004100027245007500068100001800143773011000161999001700271ART_4976520260410161936.0260409a 10aEl concepto de democracia económica en la política contemporánea1 aTagle, Manuel0 tAnales de la Academia Nacional de Ciencias Económicasg- Vol. XXVIII, (1983) (ene./dic. 1983)wREV25596 c29073d29073